Movies Quiz

Random Movies or Oscar Quiz

Oscar Nominees in Sergio Leone Films Quiz Stats

 Plays Quiz not verified by Sporcle

Score 0/15 Timer 05:00
0 Plays Today
Film Answer % Correct
A Fistful of Dollars (1964)Clint Eastwood
98.8%
For a Few Dollars More (1965)Clint Eastwood
98.8%
The Good, the Bad and the Ugly (1966)Clint Eastwood
98.8%
Once Upon a Time in America (1984)ROBERT DE NIRO
91%
Once Upon a Time in the West (1968)HENRY FONDA
74.7%
Once Upon a Time in America (1984)James Woods
70.5%
Once Upon a Time in America (1984)JOE PESCI
69.9%
Once Upon a Time in the West (1968)JASON ROBARDS
48.8%
Film Answer % Correct
Once Upon a Time in America (1984)JENNIFER CONNELLY
45.8%
Duck, You Sucker (1971)JAMES COBURN
42.8%
Once Upon a Time in America (1984)Elizabeth McGovern
34.9%
Duck, You Sucker (1971)ROD STEIGER
33.1%
Once Upon a Time in America (1984)Burt Young
27.7%
Once Upon a Time in America (1984)Tuesday Weld
25.3%
Once Upon a Time in America (1984)Danny Aiello
23.5%

You're not logged in!

Compare scores with friends on all Sporcle quizzes.
OR
Log In

Sporcle TV

Today on Sporcle TV


Watch our educational content, quiz creation guides, and fun videos on Sporcle TV.

Show Comments

Extras

Top Quizzes Today


Score Distribution

Your Account Isn't Verified!

In order to create a playlist on Sporcle, you need to verify the email address you used during registration. Go to your Sporcle Settings to finish the process.

Report this User

Report this user for behavior that violates our Community Guidelines.

Details: